Storia del diritto romano. Costituzione e fonti del diritto.

Spremljeno u:
Bibliografski detalji
Glavni autor: Longo, G. (autore)
Daljnji autori: Scherillo, Gaetano (autore)
Format: Knjiga
Izdano: Milano, Italia: Dott. A. Giuffrè Editore, 1970.
Serija:Manuali Giuffrè.
Teme:
Oznake: Dodaj oznaku
Bez oznaka, Budi prvi tko označuje ovaj zapis!

MARC

LEADER 00000nam a2200000 a 4500
001 UCR2571
003 CL-VaPUC
005 20220822114545.0
008 220705t1970 ||||| |||| 00| 0 eng d
999 |c 436694  |d 436692 
040 |c Pontificia Universidad Católica de Valparaíso 
082 0 4 |a 340.54 LON 1970  |2 21 
100 |a Longo, G.  |e autore  |9 872191 
245 |a Storia del diritto romano.  |b Costituzione e fonti del diritto.  
260 |a Milano, Italia:  |b Dott. A. Giuffrè Editore,   |c 1970. 
300 |a 302 páginas.  
490 |a Manuali Giuffrè. 
500 |a c.1 Donación Familia Prof. Alejandro Guzmán Brito.  
583 |a last modification  |c 20170613 10:26:19  |k Cristina María Rojas Aguilar 
650 0 |a Derecho romano  |9 255930 
650 0 |a Fuentes del derecho   |9 255162 
700 |a Scherillo, Gaetano  |e autore  |9 400547 
942 |c BK  |2 ddc  |n 0 
952 |0 0  |1 0  |2 ddc  |4 0  |6 340_540000000000000_LON_1970  |7 0  |8 C_AGB  |9 584387  |a BIBDER  |b BIBDER  |d 2022-07-05  |e Donación   |i 5652511  |o 340.54 LON 1970  |p 5652511  |r 2023-01-25  |t 1  |w 2022-07-05  |y BK_US  |k AGB